00702nam a2200193 a 4500001001000000005001700010008004100027041000800068044000700076050002500083245008600108260002900194300006300223440008500286500003800371500003500409600004000444700002400484BRCA_661420190320205528.0081010c1964----ag-af#####---#000-0#spa-# aspa aag 4aND553b.P56 101 196410aMiguel Carlos Victoricacmonografía y panorama cultural por Córdova Iturburu. aArgentinabCodexc[1964] a1 v. (sin paginación)bil., 16 láminas a colorc36 cm. 0aPinacoteca de los genios : la más grandiosa colección de arte del mundov101 aIncluye índice de ilustraciones aDonación Dra. Elsa Barberena14aVictorica, Miguel Carlosd1884-19551 aIturburu, Córdova